000 01029nam a22002657a 4500
003 OSt
005 20170124110313.0
008 160907b xxu||||| |||| 00| 0 eng d
010 _aB-041099
020 _a8176461520(set)
_c600.00
035 _aB-041099
037 _bCen Lib / Ret
040 _aDPL
_bEN
_cTIT
082 _a863.208
_bCHA
100 _aChakraverty, Bishweshwar
_9143386
245 _aTagore the dramatist :
_ba critical study /
_cby Bishweshwar Chakraverty
260 _aDelhi
_bB.R. Publishing Corporation
_c2000
270 _a3779, 1st Floor Kanhaiya Nagar Tri Nagar
_bDelhi
300 _a(v 1. 264p ; v 3. 370 ; v 4. 192)
_c27cm(Hb)
505 _av 1. Musical Verse and Poetic Drama ; v 3. Symbolic Drama ; v 4. Nature and dance drama
650 _aTagore, Rabindranath, -- 1861-1941 -- Criticism and interpretation.
_9143387
650 _aBengali drama -- History and criticism.
_9143388
650 _aTagore, Rabindranath, -- 1861-1941
_9143389
942 _2ddc
_cEN
_h863.208
_mCHA
999 _c137031
_d137031